| 000 | 01778cam a22004574i 4500 | ||
|---|---|---|---|
| 003 | PE-LiUPU | ||
| 005 | 20250731173452.0 | ||
| 008 | 150616s1991 mau r 000 0 eng d | ||
| 020 | _a0943575389 | ||
| 035 | _a(Sirsi) i9780943575384 | ||
| 040 |
_aPE-LiUPU _bspa _cPE-LiUPU _erda |
||
| 049 | _aPRUA | ||
| 082 | 0 | 4 |
_a227.707 _bP74 _221 |
| 100 | 1 |
_aPokorny, Petry, _eautor. |
|
| 245 | 1 | 0 |
_aColossians : _bA Commentary / _cPetry Pokorry. |
| 264 | 1 |
_aPeabody, Massachusetts : _bHendrickson Publishers, _c1991. |
|
| 300 |
_a232 páginas ; _c23 centímetros |
||
| 336 |
_atext _2rdacontent |
||
| 337 |
_aunmediated _2rdamedia |
||
| 338 |
_avolume _2rdacarrier |
||
| 505 | 0 | _aPrayer of thanksgiving and intercession-The premise of salvation in Christ -- The authority of the apostle-Connecting salvation with the Apostolic Proclamation -- Debate with the Opponents (Propositio and Probatio)-True and false appropriation of salvation -- Paraenesis for the New life (exhortatio). | |
| 526 | _aSEG42 | ||
| 526 | _aSEG41 | ||
| 526 | _aSEG40 | ||
| 526 | _aSEG39 | ||
| 526 | _aP94 | ||
| 526 | _aP87 | ||
| 526 | _aP86 | ||
| 526 | _aP85 | ||
| 526 | _aP77 | ||
| 526 | _aP76 | ||
| 526 | _aP35 | ||
| 630 |
_aBiblia. _pN.T. _pColosenses _xComentarios. |
||
| 910 |
_ajck _bjvq _cjck |
||
| 942 |
_2ddc _cBOOK |
||
| 949 |
_a227.707 P74 _wDEWEY _c1 _i39860 _lCCODEBUL1 _mBUL _r0 _sY _tBOOK _u2015-6-16 _xTEOLOGIA _zUNKNOWN _0COMPRA _o.STAFF. Colección General |
||
| 994 |
_aC0 _bPEPRU |
||
| 596 | _a1 | ||
| 999 |
_a227.707 P74 _wDEWEY _c57633 _i39860 _e2017-4-21 _f2021-11-9 _g5 _lCCODEBUL1 _mBUL _n1 _p10.00 _r0 _sY _tBOOK _u2015-6-16 _xTEOLOGIA _zUNKNOWN _0COMPRA _o.STAFF. Colección Teología _d57633 |
||
| 980 |
_81 _gALBERTO SANCHEZ Responsable de Automatización |
||